000 00614ntm a22002657a 4500
005 20250701125212.0
008 180314b2017 xxu||||| |||| 00| 0 spa d
020 _a9789587626964
041 _aESP
082 _a005.54 V156e
100 _aValentin, Handz
245 _aExcel 2016: paso a paso
250 _a2 edición
260 _aColombia
260 _bEdiciones de la U
260 _c2017
300 _a256 páginas
365 _b12.000
490 _aTemática General
650 _aEXCEL
650 _aHOJA DE CÁLCULO
650 _aWINDOWS 8
650 _aWINDOWS 10
942 _cBK
_2ddc
999 _c12499
_d12499